Smallest countries and dependencies - Statistics

General Stats
  • This quiz has been taken 44 times
  • The average score is 11 of 22
Answer Stats
Population Country/ Dependency % Correct
😀 801 Vatican City
98%
😀 33,931 San Marino
95%
😀 39,242 Monaco
90%
😀 38,128 Liechtenstein
88%
😀 10,824 Nauru
83%
😀 11,792 Tuvalu
76%
😀 18,094 Palau
71%
33,691 Gibraltar
48%
3,480 Falkland Islands
45%
1,626 Niue
45%
38,666 Saint Martin
43%
5,794 Saint Pierre and Miquelon
43%
15,003 Anguilla
40%
6,077 Saint Helena
38%
4,992 Montserrat
36%
30,231 British Virgin Islands
33%
17,564 Cook Islands
33%
1,357 Tokelau
29%
38,717 Turks and Caicos
29%
11,239 Wallis and Futuna
29%
9,877 Saint Barthelemy
19%
26,223 Caribbean Netherlands
2%
No matching quizzes found
Score Distribution
Percent of People with Each Score
Percentile by Number Answered
Your Score History
You have not taken this quiz